| 000 | 00866cab a2200217 4500 | ||
|---|---|---|---|
| 001 | ABS68717 | ||
| 008 | 050225n2005 000 0 eng u | ||
| 035 | _a(Sirsi) u128896 | ||
| 245 | _aHow landlords fill up their properties | ||
| 260 | _c2005 | ||
| 490 |
_aEstates Gazette _v(0503) 22 January 2005, 112-113(2) |
||
| 520 | _aExamines strategies for marketing a property. Landlords need to consider different strategies depending on the type, size, location and specification of the property and also the market conditions. Looks at the options for advertising taking into consideration budget constraints. | ||
| 590 | _aABS | ||
| 650 | _aADVERTISING | ||
| 650 | _aMARKETING | ||
| 650 | _aLANDLORDS | ||
| 650 | _aPROPERTY MISDESCRIPTIONS ACT 1991 | ||
| 650 | _aTENANTS | ||
| 690 | _aPROPERTY-COMMERCIAL PROPERTY-COMMERCIAL PROPERTY MARKET | ||
| 942 | _n0 | ||
| 999 |
_c74846 _d74846 |
||